1967 steam charts (Record no. 20544)

000 -LEADER
fixed length control field 00500nam a22001931 4500
001 - CONTROL NUMBER
control field 20544
003 - CONTROL NUMBER IDENTIFIER
control field BD-DhUET
008 - FIXED-LENGTH DATA ELEMENTS--GENERAL INFORMATION
fixed length control field 700914s1968 nyua 000 0 eng
020 ## - INTERNATIONAL STANDARD BOOK NUMBER
International Standard Book Number 0713130458
040 ## - CATALOGING SOURCE
Original cataloging agency DLC
Transcribing agency DLC
Modifying agency BD-DhUET
082 ## - DEWEY DECIMAL CLASSIFICATION NUMBER
Classification number 621.101084
Item number ELE/1967
110 ## - MAIN ENTRY--CORPORATE NAME
Corporate name or jurisdiction name as entry element Electrical Research Association
245 10 - TITLE STATEMENT
Title 1967 steam charts
250 ## - EDITION STATEMENT
Edition statement 1st ed.
260 ## - PUBLICATION, DISTRIBUTION, ETC. (IMPRINT)
Place of publication, distribution, etc. London
Name of publisher, distributor, etc. Edward Arnold
Date of publication, distribution, etc. 1967
300 ## - PHYSICAL DESCRIPTION
Extent vii, 64 p. (chiefly illus., part col.)
Dimensions 31 cm.
650 #0 - SUBJECT ADDED ENTRY--TOPICAL TERM
Topical term or geographic name as entry element Steam
942 ## - ADDED ENTRY ELEMENTS (KOHA)
Koha item type Corporate Publication
Holdings
Date acquired Location (home branch) Koha full call number Piece designation (barcode) Koha normalized classification for sorting Source of classification or shelving scheme Damaged status Price effective from Not for loan Koha item type Sublocation or collection (holding branch) Koha date last seen Copy number Lost status Shelving location Withdrawn status
2015-04-12Central Library, BUET621.101084/ELE/196718295621_101084000000000_ELE_1967  2015-04-12 Corporate PublicationCentral Library, BUET2015-04-121 Circulation section 
2015-04-12Central Library, BUET621.101084/ELE/196718293621_101084000000000_ELE_1967  2015-04-12 Corporate PublicationCentral Library, BUET2015-04-122 Circulation section 
2015-04-12Central Library, BUET621.101084/ELE/196713166621_101084000000000_ELE_1967  2015-04-12 Corporate PublicationCentral Library, BUET2015-04-123 Circulation section 
2015-04-12Central Library, BUET621.101084/ELE/196713162621_101084000000000_ELE_1967  2015-04-12 Corporate PublicationCentral Library, BUET2015-04-124 Circulation section 
2015-04-12Central Library, BUET621.101084/ELE/196718297621_101084000000000_ELE_1967  2015-04-12 Corporate PublicationCentral Library, BUET2015-04-125 Circulation section 
2015-04-12Central Library, BUET621.101084/ELE/196718296621_101084000000000_ELE_1967  2015-04-12 Corporate PublicationCentral Library, BUET2015-04-126 Circulation section 
2015-04-12Central Library, BUET621.101084/ELE/196718294621_101084000000000_ELE_1967  2015-04-12 Corporate PublicationCentral Library, BUET2015-04-127 Circulation section 
2015-04-12Central Library, BUET621.101084/ELE/196718300621_101084000000000_ELE_1967  2015-04-12 Corporate PublicationCentral Library, BUET2015-04-128 Circulation section 
2015-04-12Central Library, BUET621.101084/ELE/196713163621_101084000000000_ELE_1967  2015-04-12 Corporate PublicationCentral Library, BUET2015-04-129 Circulation section 
2015-04-12Central Library, BUET621.101084/ELE/196718299621_101084000000000_ELE_1967  2015-04-12 Corporate PublicationCentral Library, BUET2015-04-1210 Circulation section 
2015-04-12Central Library, BUET621.101084/ELE/196713165621_101084000000000_ELE_1967  2015-04-12 Corporate PublicationCentral Library, BUET2015-04-1211 Circulation section 
2015-04-12Central Library, BUET621.101084/ELE/196718302621_101084000000000_ELE_1967  2015-04-12 Corporate PublicationCentral Library, BUET2015-04-1212 Circulation section 
2015-04-12Central Library, BUET621.101084/ELE/196718301621_101084000000000_ELE_1967  2015-04-12 Corporate PublicationCentral Library, BUET2015-04-1213 Circulation section